书目信息 |
| 题名: |
破碎、粉磨设备安装工程施工及验收规范:GB50276-98
|
|
| 作者: | 原中华人民共和国机械工业部 编著 | |
| 分册: | ||
| 出版信息: | 北京 中国设计出版社 1998.11 |
|
| 页数: | 65页 | |
| 开本: | 32开 | |
| 丛书名: | ||
| 单 册: | ||
| 中图分类: | TU623-65 | |
| 科图分类: | ||
| 主题词: | 挖掘机械 , 铲土运输机械 | |
| 电子资源: | ||
| ISBN: | ||
| 000 | 00737nam0 2200205 45 | |
| 001 | 0011150448 | |
| 005 | 20001115044412.7 | |
| 010 | @d7.00元 | |
| 100 | @a20001115d1998 km y0chiy0120 ea | |
| 101 | 0 | @achi |
| 105 | @a z 000yy | |
| 200 | 1 | @a破碎、粉磨设备安装工程施工及验收规范:GB50276-98@APo Sui、Fen Mo She Bei An Zhuang Gong Cheng Shi GongJi Yan Shou Gui Fan:GB50276-98@f原中华人民共和国机械工业部编著@FYuan Zhong Hua Ren Min Gong He Guo Ji Xie Gong Ye BuBian Zhu |
| 210 | @a北京@c中国设计出版社@d1998.11 | |
| 215 | @a65页@d32开 | |
| 606 | 0 | @a挖掘机械 |
| 606 | 0 | @a铲土运输机械 |
| 690 | @aTU623-65@v3 | |
| 701 | 0 | @a原中华人民共和国机械工业部@4编著 |
| 801 | @aCN@bPftUser@c20001115 | |
| 905 | @b406667-671@dTU623-65@eY:337@f5 | |
| 破碎、粉磨设备安装工程施工及验收规范:GB50276-98/原中华人民共和国机械工业部编著.-北京:中国设计出版社,1998.11 |
| 65页;32开 |
| ISBN :7.00元 |
| ● |
| 相关链接 |
|
|
|
正题名:破碎、粉磨设备安装工程施工及验收规范:GB5
索取号:TU623-65/Y:337
 
预约/预借
| 序号 | 登录号 | 条形码 | 馆藏地/架位号 | 状态 | 备注 |
| 1 | 406667 | 204066679 | 自科二线404/404自科库 2排4列2层/ [索取号:TU623-65/Y:337] | 在馆 | |
| 2 | 406668 | 204066688 | 自科二线404/201建筑库 12排4列2层/ [索取号:TU623-65/Y:337] | 在馆 | |
| 3 | 406669 | 204066697 | 自科二线404/404自科库 2排4列2层/ [索取号:TU623-65/Y:337] | 在馆 | |
| 4 | 406670 | 204066704 | 自科二线404/201建筑库 12排4列2层/ [索取号:TU623-65/Y:337] | 在馆 | |
| 5 | 406671 | 204066713 | 自科二线404/404自科库 2排4列2层/ [索取号:TU623-65/Y:337] | 在馆 |